Loading...
Fine Arts - Classical Music | 0 | 15 | 1 | 4 | 145 | 63 | 101.67 | 0 | 7 |
Fine Arts - Painting & Sculpture | 0 | 5 | 0 | 3 | 50 | 119 | 137.60 | 0 | 0 |
History - American History | 0 | 5 | 1 | 2 | 45 | 95 | 119.80 | 0 | 0 |
History - World History | 0 | 4 | 0 | 1 | 40 | 130 | 137.75 | 0 | 0 |
Fine Arts - Other Fine Arts | 0 | 4 | 0 | 1 | 40 | 103 | 128.50 | 0 | 0 |
History - European History | 0 | 3 | 0 | 1 | 30 | 104 | 132.00 | 0 | 0 |
Science - Chemistry | 0 | 3 | 1 | 0 | 25 | 99 | 115.00 | 0 | 0 |
Literature - American Literature | 0 | 2 | 0 | 0 | 20 | 108 | 111.50 | 0 | 0 |
Geography | 0 | 2 | 1 | 2 | 15 | 133 | 135.00 | 0 | 0 |
Science - Biology | 0 | 3 | 3 | 0 | 15 | 98 | 117.00 | 0 | 0 |
Religion | 0 | 2 | 1 | 0 | 15 | 80 | 112.00 | 0 | 1 |
Literature - World Literature | 0 | 1 | 0 | 1 | 10 | 154 | 154.00 | 0 | 0 |
Mythology | 0 | 1 | 0 | 0 | 10 | 116 | 116.00 | 0 | 0 |
Science - Other Science | 0 | 1 | 0 | 0 | 10 | 113 | 113.00 | 0 | 0 |
Social Science | 0 | 1 | 1 | 0 | 5 | 121 | 121.00 | 0 | 0 |
Science - Physics | 0 | 0 | 0 | 0 | 0 | 0.00 | 0 | 0 | |
Other Academic | 0 | 0 | 0 | 0 | 0 | 0.00 | 0 | 0 |